| 000 | 00690nam a2200217 i 4500 | ||
|---|---|---|---|
| 001 | 58754 | ||
| 003 | ES-MaACL | ||
| 005 | 20240505063021.0 | ||
| 007 | t| | ||
| 008 | 031024s1974 sp ||||1| spa d | ||
| 100 | 1 |
_aDussel, Enrique. _946349 |
|
| 245 | 1 | 0 |
_aMétodo para una filosofía de la liberación _b: superación analéctica de la dialética hegeliana / _cEnrique D. Dussel. |
| 260 |
_aSalamanca : _bSígueme, _c1974. |
||
| 300 |
_a295 p. ; _c22 cm. |
||
| 490 | 1 | _aColección Ágora | |
| 600 | 0 | 4 |
_aHegel, Georg Wilhelm Friedrich. _962316 |
| 830 | 0 |
_aColección Ágora _9180771 |
|
| 852 |
_aES-MaACL _jE-6038 _bR.90438 |
||
| 942 | _2udc | ||
| 999 |
_c58754 _d58754 |
||